[Event "Helmond Rapid op"]
[Site "Helmond"]
[Date "2023.06.10"]
[Round "7"]
[White "Overtoom, Reinier"]
[Black "Hendriks, Tobias"]
[Result "0-1"]
[WhiteElo "1799"]
[BlackElo "2096"]
[PlyCount "60"]
[EventDate "2023.06.10"]
[EventType "swiss (rapid)"]
[EventRounds "9"]
[EventCountry "NED"]
[SourceTitle "CBM 214 Extra"]
[Source "ChessBase"]
[SourceDate "2023.07.31"]
[SourceVersion "1"]
[SourceVersionDate "2023.07.31"]
[SourceQuality "1"]

1. Nc3 e5 2. e4 Nf6 3. f4 d6 4. Nf3 Nc6 5. Bc4 Be7 6. d3 0-0 7. f5 Na5 8. Qe2 c6 9. Bb3 b5 10. Bg5 Nd7 11. h4 Bb7 12. g4 Nxb3 13. axb3 f6 14. Bd2 d5 15. exd5 cxd5 16. Nxb5 Qb6 17. Nc3 Bd6 18. 0-0-0 Rac8 19. Kb1 Bb4 20. Rhg1 Bxc3 21. bxc3 Nc5 22. Be3 d4 23. cxd4 Na4 24. Kc1 Nc3 25. Qg2 exd4 26. Bf4 Rfe8 27. Rde1 Qc6 28. Rxe8+ Rxe8 29. Rf1 Re2 30. Qg3 Na2+ 0-1